Elecciones presidenciales en Nicaragua 1912 - 1932 (análisis sociopolítico)

Bibliographic Details
Main Author: Vargas, Oscar René
Format: Section = Libro
Language:Undetermined
Spanish
Published: Managua Fundación Manolo Morales 1989
Subjects:
LEADER 00584nam a2200193Ia 4500
008 240829s9999 xx 000 0 und d
040 |a BIBLIOTECA-RUSB/ Ref 324 V297 
041 |a spa 
082 |a Ref 324 V297 
100 1 |a Vargas, Oscar René 
245 1 0 |a Elecciones presidenciales en Nicaragua 1912 - 1932 (análisis sociopolítico) 
260 |a Managua  |b Fundación Manolo Morales  |c 1989 
300 |a 168 p. :il. 
650 7 |a ELECCIONES - NICARAGUA 1912 - 1932 
650 7 |b  PLAN STIMSON 
650 7 |c  ELECCIONES PRECIDENCIALES 
942 |c BK  |2 ddc 
991 |a TEXTO 
999 |c 5742